| 000 | 00483 a2200193 4500 | ||
|---|---|---|---|
| 005 | 20240522162129.0 | ||
| 010 | _aB-759163 | ||
| 020 |
_a9789354714245 _c399.00 |
||
| 035 | _aB-759163 | ||
| 037 | _bGift | ||
| 082 | _aN | ||
| 100 |
_aAlexander, K. R. _966783 |
||
| 245 |
_aPossess Me / _c K. R. Alexander, |
||
| 260 |
_aNew York _bScholastic _c2022 |
||
| 270 | _aNew York | ||
| 300 |
_a182 p. _c20 cm(Pb) |
||
| 942 |
_adpl _cCH _2ddc _hN _mALE |
||
| 999 |
_c203197 _d203197 |
||